Anagrammes - Vocabulaire - Série 13 - Statistiques

Statistiques générales
  • Ce quiz a été pris 110 fois
  • Le résultat moyen est 7 sur 12
Statistiques - réponses
Indice Anagramme Mot % Correct
milieu RECENT centre
94%
bateau EGALER galere
84%
étonnement PRISEURS surprise
74%
outil AMATEUR marteau
72%
plante IRREEL lierre
66%
prénom TOMATE Matteo
66%
allure RIANT train
63%
plan GANTE etang
53%
bâtiment AVENIR navire
53%
terre PILON lopin
52%
plante RELUIRA laurier
19%
combattant PROCURAS parcours
10%
Aucun quiz correspondant
Distribution des résultats
% des personnes avec chaque résultat
Percentile par nombre de réponses
Votre historique - résultats
Vous n’avez pas pris ce quiz